02038nam a2200217 a 4500008004100000020001500041041000800056092001700064100002200081245003100103250004400134260004300178300002200221500007700243505115100320590006101471655002101532942001301553999001501566952023901581180523t2004 ag ||||gr|||| 000 1 spa d a9506440441 aspa c808l13sCOO1 aCook, Robin93090 aConvulsión /cRobin Cook a1a ed.bTraducción Alberto Coscarelli aBuenos Aires:bPlaza & Janés;c2004. a480 p.c23x15 cm. aCook, R. (2004). Convulsión. (1a ed.). Buenos Aires : Plaza & Janés. a¿Qué tienen en común la Sábana Santa de Turín, un senador ultraconservador y un investigador científico? El laboratorio del doctor Lowell se dedica a la investigación con células madre y ha encontrado líneas terapéuticas prometedoras. Sin embargo su trabajo está amenazado por una legislación contraria a estas experimentaciones que ha presentado el senador Ashley y que daría al traste con los sueños de Lowell. Justo antes de la sesión del comité del Senado, Ashley descubre que sufre Parkinson, una de las enfermedades que podrán beneficiarse del nuevo tratamiento. Entonces el senador propone a Lowell un pacto sumamente arriesgado: que el médico le cure a cambio de paralizar el proyecto de ley. Además quiere que el ADN que se le implante procesa de la Sábana Santa... Una novela que tiene en cuenta la investigación biotécnica más actual, así como los múltiples interrogantes éticos que plantea. Y también una narración apasionante y llena de sorpresas, que deja la inquietante sensación de que la misma ciencia que nos promete un futuro mejor crea a la vez un riesgo incalculable.  aProyecto 4to Libro. Donación Lara Victoria, Mayo 2018. aLiteratura92917 2ddccLIT c2791d2791 00102ddc40708FICaBFMbBFMcCRd2018-05-24eProyecto 4to Libro. Donación Lara Victoria, Mayo 2018.l4m2o808 13 COOp4277r2023-08-11s2023-07-04tEj. 1w2018-05-24yLITzProyecto 4to Libro. Donación Lara Victoria, Mayo 2018.